00752nai a2200181Ia 4500003000900000008004100009022002300050040001600073245006300089260002600152310001200178362003100190521006900221856009000290942000700380999001700387952016600404IN-BaIIA211028c9999 xx s 000 0 eng d a0021-9169 (Online) cIIA Library 0aJournal of Atmospheric and Terrestrial Physicsh[eJournal] aOxford, U.KbPergamon a16/year a57(1); 1995 - 58(16); 1996 bSubscribed through National Knowledge Resource Consortium (NKRC) uhttps://www.sciencedirect.com/science/journal/00219169yClick Here to Access eJournal cEJ c34975d34975 00104070aBANbBANd2009-01-01eNKRCh57(1); 1995 - 58(16); 1996l0pEJ1059r2021-11-05uhttps://www.sciencedirect.com/science/journal/00219169w2021-11-05yEJ